| 000 | 00824cam a22002534a 4500 | ||
|---|---|---|---|
| 008 | |||
| 020 | _a0750640839 (pbk.) | ||
| 049 | _aMAIN | ||
| 090 |
_aNA680 _bNON |
||
| 245 | 0 | 0 |
_aNon-plan : _bessays on freedom participation and change in modern architecture and urbanism / _cedited by Jonathan Hughes & Simon Sadler. |
| 260 |
_aOxford : _bArchitectural Press, _c2000. |
||
| 300 |
_axii, 243 p. : _bill. ; _c24 cm. |
||
| 500 | _aIncludes index. | ||
| 504 | _aIncludes bibliographical references. | ||
| 650 | 0 |
_aArchitecture, Modern _y20th century. |
|
| 650 | 0 | _aCity planning. | |
| 700 | 1 | _aHughes, Jonathan. | |
| 700 | 1 | _aSadler, Simon. | |
| 907 |
_a.b10368681 _b10-02-16 _c10-02-16 |
||
| 003 | |||
| 005 | 20230123122205.0 | ||
| 040 | _cNUST | ||
| 942 |
_cBOOKS _kNA680 _mNON |
||
| 999 |
_c129369 _d129369 |
||